Vista normal
Vista MARC
Entrada Materia (personas)
Número de registros utilizados en: 1
001 - CONTROL NUMBER
- control field: 156551
003 - CONTROL NUMBER IDENTIFIER
- control field: Co-BoUCM
005 - DATE AND TIME OF LATEST TRANSACTION
- control field: 20211108102403.0
008 - FIXED-LENGTH DATA ELEMENTS
- fixed length control field: 211108|| aca||aabn | a|a d
040 ## - CATALOGING SOURCE
- Original cataloging agency: Co-BoUCM
- Transcribing agency: Co-BoUCM
100 ## - HEADING--PERSONAL NAME
- Personal name: Foz y Foz, Pilar, 1933
670 ## - SOURCE DATA FOUND
- Source citation: Work cat.: (Co-BoUCM)20926: Foz y Foz, Pilar, 1933, Mujer y educación en Colombia Siglos XVI - XIX aportaciones del Código de la Enseñanza 1783-1900, 1997